Database modeling and design (Record no. 214)
[ view plain ]
| 000 -LEADER | |
|---|---|
| Fixed length control field | 00542nam a2200193 4500 |
| 003 - CONTROL NUMBER IDENTIFIER | |
| Control field | SEACOMMC |
| 005 - DATE AND TIME OF LATEST TRANSACTION | |
| Control field | 20231013070035.0 |
| 008 - FIXED-LENGTH DATA ELEMENTS--GENERAL INFORMATION | |
| Fixed length control field | 231013b |||||||| |||| 00| 0 eng d |
| 040 ## - CATALOGING SOURCE | |
| Original cataloging agency | SEACOMMC |
| 082 ## - DEWEY DECIMAL CLASSIFICATION NUMBER | |
| Classification number | 005.74 |
| Book Number | TEO |
| 100 1# - MAIN ENTRY--PERSONAL NAME | |
| Personal name | Teorey, Toby |
| 245 1# - TITLE STATEMENT | |
| Title | Database modeling and design |
| Sub title | logical design |
| Statement of responsibility | Toby Teorey, Sam Lightstone and Tom Nadeall |
| 260 ## - IMPRINT | |
| Place of publication | New Delhi |
| Name of publisher | Elsevier |
| Date of publication | 2006 |
| 650 ## - SUBJECT ADDED ENTRY--TOPICAL TERM | |
| Topical term | Computer science |
| 650 ## - SUBJECT ADDED ENTRY--TOPICAL TERM | |
| Topical term | Data in computer systems |
| 700 1# - ADDED ENTRY--PERSONAL NAME | |
| Personal name | Lightstone, Sam |
| 700 1# - ADDED ENTRY--PERSONAL NAME | |
| Personal name | Nadeall, Tom |
| 942 ## - ADDED ENTRY ELEMENTS (KOHA) | |
| Koha item type | Books |
| Withdrawn status | Lost status | Source of classification | Damaged status | Not for loan | Home library | Current library | Date acquired | Total Checkouts | Call number | Accession number | Date last seen | Price effective from | Koha item type |
|---|---|---|---|---|---|---|---|---|---|---|---|---|---|
| Dewey Decimal Classification | SEACOM MANAGEMENT COLLEGE | SEACOM MANAGEMENT COLLEGE | 05/08/2006 | 005.74 TEO | 05193 | 13/10/2023 | 13/10/2023 | Books |
